How Many Things on a Human Body - Statistics

General Stats
  • This quiz has been taken 124 times
  • The average score is 6 of 10
Answer Stats
Body Part Answer % Correct
Ears 2
99%
Fingers 10
98%
Organs 12
81%
Teeth in Adult Mouth 32
79%
Ribs 24
72%
Metacarpal Bones 5
63%
Bones in Adult Body 206
60%
Vertebrae in a Spine 33
49%
Joints 360
13%
Tendons 1320
5%
No matching quizzes found
Score Distribution
Percent of People with Each Score
Percentile by Number Answered
Your Score History
You have not taken this quiz